| 000 | 005620000a22001810004500 | ||
|---|---|---|---|
| 003 | MACL | ||
| 005 | 20151208122851.0 | ||
| 008 | 151208b xxu||||| |||| 00| 0 eng d | ||
| 040 |
_aMACL _cMACL |
||
| 041 | _aHindi | ||
| 082 | _a741.642 | ||
| 100 |
_aउषा टेलर _919753 |
||
| 245 | _aआओ मॉडल बनाऍ | ||
| 260 |
_bअग्रवाल पब्लिशिंग हाउस जयपुर _c2005 |
||
| 350 | _a200 | ||
| 650 |
_a…s…·…ý…_ƒ__…Ư…_…̜…" …®…_… _919667 |
||
| 942 |
_cHIN _k741.642 _2ddc |
||
| 999 |
_c11363 _d11363 |
||